Transfery Radomiaka w letnim okienku transferowym 2021/2022. - Statystyki

Ogólne statystyki
  • Ten quiz został rozwiązany 48 razy
  • Średni wynik to 6 z 10
Statystyki odpowiedzi
Cena Pozycja Narodowość Poprzedni Klub Piłkarz % Poprawnych
? Środkowy obrońca Brazylia Sion Rossi
84%
Wypożyczenie Bramkarz Polska Legia Warszawa Kochalski
74%
Za darmo Lewy napastnik Portugalia NorthEast United Machado
74%
Za darmo Środkowy napastnik Wenezuela CFR Cluj Rondon
74%
Za darmo Środkowy napastnik Portugalia Wolny Zawodnik Maurides
72%
Za darmo Środkowy obrońca Portugalia Belenenses Silva
58%
? Defensywny pomocnik Portugalia Porto B Matos
51%
? Lewy napastnik Brazylia Botafogo Rhuan
42%
Za darmo Środkowy obrońca Demokratyczna Republika Konga KTS Weszło Bwanga
33%
Wypożyczenie Środkowy obrońca Polska Legia Warszawa II Grudziński
21%
Nie znaleziono quizów pasujących do podanych kryteriów
Rozkład punktacji
Procent ludzi z każdym wynikiem
Percentyl według liczby udzielonych odpowiedzi
Twoja historia wyników
Nie rozwiązałeś tego quizu